00362 a2200121 450000100060000010000170000624500460002326000280006909000170009794200230011499900190013795200840015653106 aPindyck R S aEconometric Models and Economic Forecasts aNew YorkbMcGraw-Hillc c33393d33393 aNUST-CAEcMc25995 c288179d288179 001040708NFICaCAEbCAEd2017-04-03l0pCAE30091r2017-04-05w2017-04-05yBK